000 00864nmm a2200277 a 4500
001 ocm000621537
003 TR-IsHL
005 20201028130659.0
008 131010s2006 tu tur
007 cr cn
020 _a9789754541144
035 _a621537
_b(N$T)
050 0 4 _aPL248.E74
_bT6 2006
090 0 4 _aPL248.E74
_bT6 2006
100 1 _aErendoruk, Ömer Osman
245 1 0 _aToprağa kan düştü
_h[electronic resource] /
_cÖmer Osman Erendoruk
250 _a1. bs.
260 _aİstanbul :
_bÇağrı Yayınları,
_c2006
300 _a160 p.
650 4 _aDil ve Edebiyat
650 4 _aLanguage and Literature
650 0 _aTürk romanı
650 0 _aTurkish fiction
650 7 _aLITERARY COLLECTIONS / Middle Eastern
_2bisacsh
856 4 0 _uhttp://search.ebscohost.com/login.aspx?direct=true&scope=site&db=e011xww&AN=621537
999 _c4154
_d4154